The Oxford handbook of english literature and theology / (Record no. 671)
| 000 -LEADER | |
|---|---|
| fixed length control field | 00829nam a22002057a 4500 |
| 003 - CONTROL NUMBER IDENTIFIER | |
| control field | OSt |
| 005 - DATE AND TIME OF LATEST TRANSACTION | |
| control field | 20140116120834.0 |
| 008 - FIXED-LENGTH DATA ELEMENTS--GENERAL INFORMATION | |
| fixed length control field | 111026t xxu||||| |||| 00| 0 eng d |
| 020 ## - INTERNATIONAL STANDARD BOOK NUMBER | |
| International Standard Book Number | 9780199544486 |
| 040 ## - CATALOGING SOURCE | |
| Language of cataloging | English |
| Transcribing agency | loc |
| 050 ## - LIBRARY OF CONGRESS CALL NUMBER | |
| Classification number | PR145 .O94 2007 |
| 100 ## - MAIN ENTRY--PERSONAL NAME | |
| Personal name | Hass, Andrew W., Jasper, D., Jay, E. (editors) |
| 245 ## - TITLE STATEMENT | |
| Title | The Oxford handbook of english literature and theology / |
| Statement of responsibility, etc | Andrew W. Hass, David Jasper, Elizabeth Jay (editors) |
| 260 ## - PUBLICATION, DISTRIBUTION, ETC. (IMPRINT) | |
| Place of publication, distribution, etc | United States |
| Name of publisher, distributor, etc | Oxford university Press |
| Date of publication, distribution, etc | 2007 |
| 300 ## - PHYSICAL DESCRIPTION | |
| Extent | xvii, 889p.: |
| 500 ## - GENERAL NOTE | |
| General note | includes Index |
| 505 ## - FORMATTED CONTENTS NOTE | |
| Formatted contents note | introductory essays---the formation of the tradition---literary ways of reading the bible---theological ways of reading literature---theology as literature---the great themes---afterword. |
| 650 ## - SUBJECT ADDED ENTRY--TOPICAL TERM | |
| Topical term or geographic name as entry element | English Literature and Theology |
| 942 ## - ADDED ENTRY ELEMENTS (KOHA) | |
| Source of classification or shelving scheme | |
| Koha item type | Book |
| Withdrawn status | Lost status | Source of classification or shelving scheme | Damaged status | Not for loan | Home library | Current library | Shelving location | Date acquired | Total Checkouts | Full call number | Barcode | Date last seen | Copy number | Price effective from | Koha item type |
|---|---|---|---|---|---|---|---|---|---|---|---|---|---|---|---|
| Riara University Library | Riara University Library | General stack | 26/10/2011 | PR145 .O94 2007 | 1663/11 | 26/10/2011 | C.2 | 26/10/2011 | Book | ||||||
| Riara University Library | Riara University Library | General stack | 26/10/2011 | PR145 .O94 2007 | 1661/11 | 26/10/2011 | C.3 | 26/10/2011 | Book | ||||||
| Riara University Library | Riara University Library | General stack | 26/10/2011 | PR145 .O94 2007 | 1662/11 | 26/10/2011 | C.1 | 26/10/2011 | Book |
